Trần Hữu Trang soạn giả ca kịch cải lương
Zapisane w:
| 1. autor: | |
|---|---|
| Format: | Książka |
| Język: | Vietnamese |
| Wydane: |
Tp. Hồ Chí Minh
Nxb. Tp. Hồ Chí Minh
1982
|
| Hasła przedmiotowe: | |
| Etykiety: |
Dodaj etykietę
Nie ma etykietki, Dołącz pierwszą etykiete!
|
| Thư viện lưu trữ: | Trung tâm Học liệu Lê Vũ Hùng, Trường Đại học Đồng Tháp |
|---|
| LEADER | 00728pam a22002178a 4500 | ||
|---|---|---|---|
| 001 | 00024812 | ||
| 005 | 20171026081022.0 | ||
| 008 | 110724s1982 ||||||viesd | ||
| 041 | 0 | # | |a vie |
| 082 | 1 | 4 | |a 792.092 |b TR121H |
| 100 | 1 | # | |a Hoàng Như Mai |
| 245 | 1 | 0 | |a Trần Hữu Trang soạn giả ca kịch cải lương |c Hoàng Như Mai |
| 260 | # | # | |a Tp. Hồ Chí Minh |b Nxb. Tp. Hồ Chí Minh |c 1982 |
| 300 | # | # | |a 204tr. |b hình ảnh |c 19 cm. |
| 650 | # | 4 | |a Cải lương |
| 650 | # | 4 | |a Kịch |
| 650 | # | 4 | |a Trần Hữu Trang |
| 852 | # | # | |b Kho đọc |j KD.0010082 |
| 852 | # | # | |j KD.0010082 |
| 910 | 0 | # | |a Ntuyet |d 24/07/2011 |
| 980 | # | # | |a Trung tâm Học liệu Lê Vũ Hùng, Trường Đại học Đồng Tháp |